|
|
|
|
| LEADER |
00000cam a22000004a 4500 |
| 001 |
musev2_79558 |
| 003 |
MdBmJHUP |
| 005 |
20230905052208.0 |
| 006 |
m o d |
| 007 |
cr||||||||nn|n |
| 008 |
200219t20202020enk o 00 0 eng d |
| 010 |
|
|
|z 2019452458
|
| 020 |
|
|
|a 9781529204513
|
| 020 |
|
|
|z 9781529204506
|
| 035 |
|
|
|a (OCoLC)1147702337
|
| 040 |
|
|
|a MdBmJHUP
|c MdBmJHUP
|
| 100 |
1 |
|
|a Rozenberg, Joshua,
|e author.
|
| 245 |
1 |
0 |
|a Enemies of the People? :
|b How Judges Shape Society /
|c Joshua Rozenberg.
|
| 264 |
|
1 |
|a Chicago, IL, USA :
|b Bristol University Press,
|c 2020.
|
| 264 |
|
3 |
|a Baltimore, Md. :
|b Project MUSE,
|c 2021
|
| 264 |
|
4 |
|c ©2020.
|
| 300 |
|
|
|a 1 online resource (240 pages).
|
| 336 |
|
|
|a text
|b txt
|2 rdacontent
|
| 337 |
|
|
|a computer
|b c
|2 rdamedia
|
| 338 |
|
|
|a online resource
|b cr
|2 rdacarrier
|
| 505 |
0 |
|
|a The Miller take -- Creating crimes -- Families and the law -- The right to death -- Discerning and discriminating -- Rites and rights -- Privacy and the press -- Access to justice -- Friends, actually.
|
| 588 |
|
|
|a Description based on print version record.
|
| 650 |
|
7 |
|a Judicial ethics.
|2 fast
|0 (OCoLC)fst00984674
|
| 650 |
|
7 |
|a Judges.
|2 fast
|0 (OCoLC)fst00984490
|
| 650 |
|
0 |
|a Justice, Administration of
|z Great Britain.
|
| 650 |
|
0 |
|a Judicial ethics
|z Great Britain.
|
| 650 |
|
0 |
|a Judges
|z Great Britain.
|
| 651 |
|
7 |
|a Great Britain.
|2 fast
|0 (OCoLC)fst01204623
|
| 655 |
|
7 |
|a Electronic books.
|2 local
|
| 710 |
2 |
|
|a Project Muse.
|e distributor
|
| 830 |
|
0 |
|a Book collections on Project MUSE.
|
| 856 |
4 |
0 |
|z Texto completo
|u https://projectmuse.uam.elogim.com/book/79558/
|
| 945 |
|
|
|a Project MUSE - Custom Collection
|